000 01020nam a2200349 a 4500
001 vtls000211210
003 NLI
005 20210602115907.0
008 101126s1964 ii 000 p eng
020 _cRs. 5.00
039 9 _y201011260045
_zVLOAD
040 0 _aNLI
_beng
_cVERGIS-2010
_eAACR2
041 0 _aeng
044 _aii
082 0 4 _a891.21
100 1 _aBhawe, S.S.
_q(Shrikrishna Sakharam),
_d1903-
_9393301
245 1 0 _aKalidasa :
_bthe national poet of India /
_cS.S. Bhawe
250 _a2nd ed.
260 _aBaroda :
_bGood Companions,
_c1964
300 _a88 p. ;
_c19 cm.
500 _aLibrary has 2 cops.
600 0 0 _aKalidasa
650 0 _aSanskrit poetry
_xTranslations into English
_9100338
887 _a
901 _a378996
_b26.11.1965
901 _aDB6931
_b25.8.1965
_9c.2
902 _aE 891.21 B 469 k
949 _AVIRTUAITEM
_D10000
_X100
_6PUR000378996ENG
942 _2ddc
_cBKS
949 _AVIRTUAITEM
_D10000
_X100
_6DBA000006931ENG
991 _eswarnapriya
999 _aVIRTUA40
_c213901
_d213901